LEADER 00877nam0-22003011i-450- 001 990006200440403321 005 19980601 035 $a000620044 035 $aFED01000620044 035 $a(Aleph)000620044FED01 035 $a000620044 100 $a19980601d1914----km-y0itay50------ba 105 $a--------00-yy 200 1 $aRecherches sur la theorie du prix$fRudolf Auspitz, Richard Lieben. 210 $aParis$cGiard & Briere$d1914 215 $a2 v.$d24 cm 225 1 $aBibliothèque internationale d'économie politique$v22 676 $a338.521 700 1$aAuspitz,$bRudolf$0125018 702 1$aLieben,$bRichard$f<1842-1919> 801 0$aIT$bUNINA$gRICA$2UNIMARC 901 $aBK 912 $a990006200440403321 952 $aXV C 1 (22)$b3797$fFGBC 959 $aFGBC 996 $aRecherches sur la theorie du prix$9648462 997 $aUNINA DB $aGIU01